1142 1880 1832 1313 1538 1882 1866 1787 1091 1767 1587 1727 1328 1557 1403 1362 1657 1297 1956 1975 1888 1436 1708 1648 1485 1561 1227 1140 1207 1341 1651 1156 1944 1797 1062 1393 1627 1704 1052 1132 1768 1609 1982 1550 1447 1799 1594 1406 1408 1437 1975 1422 1659 1936 1479 1249 1763 1240 1608 1932 1681 1152 1686 1813 1762 1566 1078 1338 1114 1450 1343 1839 1557 1849 1869 1218 1512 1826 1930 1292 1887 1429 1847 1703 1041 1553 1852 1489 1470 1572 1118 1890 1162 1828 1352 1784 1979 1203 1981 BCNSPRNW ULIB Ver.6.0+V

เปลี่ยนเป็นภาษาไทย

Change to English
 แสดงรายละเอียดบรรณานุกรม
  กลับหน้าหลัก

Brief Record : Get Marc (ISO 2709) : E-mail record : QR code < ปิดหน้าต่าง
LEADER : 00000nam 2200000uu 4500
001    13399109102
003     ULIB
008    110322s2550||||th 000 0 tha d
020    9749252837
041 1  tha^heng
050  4 HD38.2^bก945ผ 2550
100 1  โกลแมน, แดเนียล
245 10 ผู้นำที่ยิ่งใหญ่--ฉลาดใช้ EQ =^bBest of HBR on leadership: emotionally intelligent leadership /^cโดย Daniel Goleman, Richard Boyatzis, and Annie McKee ; แปลและเรียบเรียงโดย ธนิกานต์ มาฆะศิรานนท์, นรินทร์ องค์อินทรี
246 14 Emotionally intelligent leadership
246 30 ผู้นำที่ยิ่งใหญ่...ฉลาดใช้ EQ =^bBest of HBR on leadership: emotionally intelligent leadership /
246 31 Best of HBR on leadership : emotionally intelligentleadership
250    พิมพ์ครั้งที่ 4
260    กรุงเทพฯ :^bเอ็กซเปอร์เน็ท,^c2550
300    144 หน้า ;^c21 ซม.
440  0 Harvard Business Review
500    ชื่อเรื่องภาษาอังกฤษที่ปก : Emotionally intelligentleadership
650  7 ผู้นำ
650  7 ความฉลาดทางอารมณ์
650  7 การบริหาร
700 0  ธนิกานต์ มาฆะศิรานนท์,^eผู้แปล
700 0  นรินทร์ องค์อินทรี,^eผู้แปล
700 1  โบยาต์ซิส, ริชาร์ด
700 1  แม็กกี, แอนนี
700 1  Goleman, Daniel.^tBest of HBR on leadership : emotionallyintelligent leadership
700 1  Boyatzis, Richard.^tBest of HBR on leadership :emotionally intelligent leadership
700 1  McKee, Annie.^tBest of HBR on leadership : emotionallyintelligent leadership
945    ^p180^l0^i029883
945    ^p180^l0^i029884
995    ทศพร
999 ^a ใช้งานได้ทุกระบบ
รายการนี้ยังไม่มีแท็ก
คุณยังไม่ได้ล็อกอิน คุณสามารถมีกิจกรรมร่วมกับเว็บไซต์ได้ แต่ต้องล็อกอินก่อน ::
  ล็อกอิน

รายการสื่อสารสนเทศ

ลำดับที่ ประเภท เลขเรียก/บาร์โค้ด สถานที่ สถานะ
1. การศึกษาทั่วไป
การศึกษาทั่วไป
HD38.2 ก945ผ 2550 ฉ.2 
  Barcode: 029884
ห้องสมุดวิทยาเขตนครสวรรค์
►หนังสือทั่วไป:l:General Books
บนชั้น

รายการใกล้เคียง
    ผู้แต่ง [โกลแมน, แดเนียล]

    หัวเรื่อง [ผู้นำ]
    หัวเรื่อง [ความฉลาดทางอารมณ์]
    หัวเรื่อง [การบริหาร]

BibComment


ยังไม่เคยถูกคอมเมนท์

คอมเมนท์ทรัพยากรรายการนี้
  คอมเมนท์: ผู้นำที่ยิ่งใหญ่ฉ..


 Copyright 2026. Bcnsprnw @Library